000 00383nam a22001337a 4500
040 _cNUST
082 _a200 THE
100 _aNida Bari
_984069
110 _aSupervisor Dr. Usman Qamar
_984164
245 _aTH-SOF-1906-Efficient Contact Tracing for Pandemic Using Blockchain
260 _aISLAMABAD:
_bNUST COLLEGE OF EME,
_c2021.
650 _aMS-CSE-17
_984071
942 _2ddc
_cTHE
999 _c586731
_d586731